[Event "15th Deltalift Open 2018"]
[Site "Halmstad"]
[Date "2018.05.12"]
[Round "7"]
[White "Mattsson, Michael"]
[Black "Sorensen, Hampus"]
[Result "0-1"]
[WhiteElo "2020"]
[BlackElo "2176"]
[Annotator "TA"]
[PlyCount "140"]
[EventDate "2018.??.??"]
[EventType "swiss"]
[EventCountry "SWE"]
[SourceTitle "playchess.com"]
[Source "ChessBase"]
[SourceQuality "1"]

{[%evp 17,140,0,0,-115,-123,-105,-90,-118,-110,-77,-70,-66,-52,-66,-73,-55,-64,-60,-62,-73,-70,-111,-69,-81,-69,-79,-66,-136,-56,-35,-28,-18,0,0,0,0,21,31,149,25,37,61,387,375,350,200,195,230,210,238,231,109,89,95,102,92,67,0,0,0,0,-8,0,-8,0,0,0,-8,-8,-8,-8,-59,-8,-13,-13,-59,-59,-110,-110,-110,-110,-143,-110,-143,-143,-143,-143,-143,-143,-143,-143,-143,-143,-143,-143,-143,-143,-143,-143,-143,-143,-143,-143,-181,-181,-181,-181,-29968,-29969,-29966,-29963,-29975,-29974,-29976,-29977,-29978,-29979,-29980,-29981,-29983,-29984,-29985,-29985,-29987,-29988]} 1. e4 e5 2. Nf3 Nc6 3. Bb5 a6 4. Bxc6 dxc6 5. O-O Bg4 6. h3 h5 7. d3 Qf6 8. Nbd2 Ne7 9. Re1 Ng6 {[%cal Be7g6,Bg6f4,Bf4h3][%mdl 32] LiveBook: 214 Games} 10. c3 {C68: Ruy Lopez: Exchange Variation, sidelines} (10. d4 $11 {keeps the balance.}) (10. d4 Nf4 11. dxe5 Qg6 12. Nh4 Bxd1 13. Nxg6 Nxg6 14. Rxd1 O-O-O 15. e6 fxe6 16. Re1 Ne5 17. Nb3 Be7 18. Bd2 g5 {1-0 (48) Solak,D (2628)-Adams,M (2744) Reykjavik 2015}) 10... Nf4 $17 {White must now prevent ...Bxh3!} 11. d4 Bd6 12. Nc4 {[%cal Rd4e5] Black is better.} Nxh3+ $1 13. Kf1 {[%cal Rd4e5]} Bxf3 $146 ({Predecessor:} 13... O-O-O 14. Ncxe5 Bxe5 15. dxe5 Qg6 16. Qe2 f6 17. Qe3 Be6 18. b3 fxe5 19. Qa7 {½-½ (39) Navin,K (2374)-Cruz,J (2454) Chennai 2015}) 14. Qxf3 Qxf3 15. gxf3 f6 $1 16. Kg2 {dxe5 is the strong threat.} Nf4+ 17. Bxf4 $1 exf4 18. e5 fxe5 19. dxe5 Be7 20. Rad1 Rd8 21. Na5 Kf7 22. b3 ({White should try} 22. e6+ $15 Kf6 23. Rd7) 22... Ke6 ({Don't play} 22... Rxd1 23. Rxd1 Rd8 24. Rxd8 $11) (22... Rd5 $1 $17 {[%cal Rd5a5]} 23. Rxd5 cxd5 24. Nxb7 Rc8) 23. Nxb7 $15 Rxd1 24. Rxd1 {[%mdl 4096] Endgame KRB-KRN} g5 25. Na5 c5 26. Nc6 Rh7 27. c4 g4 (27... Bf8 $14) 28. Nxe7 (28. Rh1 $16) 28... Rxe7 $16 {KR-KR} 29. Rh1 Rh7 $2 {[%mdl 8192]} (29... Rg7 $14) 30. fxg4 $18 h4 31. f3 (31. Kh3 $142) 31... Rd7 32. Rxh4 Rd2+ 33. Kf1 Rxa2 34. Rh5 (34. g5 $1 $18) 34... Ra3 $16 35. Rf5 $1 Rxb3 36. Rxf4 Kxe5 37. Rf5+ (37. Rf8 $1 $14) 37... Kd4 $11 38. g5 {[%cal Bg4g5,Bg5g6][%mdl 32]} Rb8 39. g6 Rg8 40. Rf6 Kxc4 41. Rxa6 Kd5 42. Kf2 c6 43. Ke3 $1 Rxg6 44. f4 ({White should play} 44. Ra4 $11) 44... Rg3+ (44... Re6+ $1 $15 45. Kd2 Kd4) 45. Kf2 Rg8 46. Ke3 Re8+ $1 47. Kd2 (47. Kd3 $15) 47... Re4 $1 $17 48. Kc3 Rxf4 49. Ra8 {[#]} Rf3+ $1 50. Kc2 Kd4 51. Rd8+ Kc4 52. Rh8 Rf2+ 53. Kc1 Kb4 54. Rh6 Kb5 55. Rh5 Rf6 56. Kc2 Kb4 57. Rh2 c4 58. Rg2 c5 59. Rh2 Ra6 {( -> ...Ra2+)} 60. Rh8 Ra2+ 61. Kb1 Rg2 62. Kc1 $2 {[#]} (62. Rh3 $19) 62... Kb3 $1 {Black mates.} 63. Rb8+ Kc3 {[%cal Rg2g1]} 64. Kd1 Rg1+ 65. Ke2 Kc2 66. Rc8 Rg5 67. Re8 c3 {[%cal Bc4c3,Bc3c2][%mdl 32]} 68. Ke1 Kc1 69. Ke2 c2 70. Rh8 Kb2 {Precision: White = 46%, Black = 71%.} 0-1

[Event "15th Deltalift Open 2018"]
[Site "Halmstad"]
[Date "2018.05.12"]
[Round "7"]
[White "Bohman Karlholm, Adrian"]
[Black "Tuomainen, Felix"]
[Result "1/2-1/2"]
[WhiteElo "2019"]
[BlackElo "2211"]
[Annotator "TA"]
[PlyCount "47"]
[EventDate "2018.??.??"]
[EventType "swiss"]
[EventCountry "SWE"]
[SourceTitle "playchess.com"]
[Source "ChessBase"]
[SourceQuality "1"]

{[%evp 30,47,0,0,25,8,0,0,47,0,16,12,25,6,14,14,14,14,16,18]} 1. d4 d5 2. c4 e6 3. Nc3 Be7 4. Nf3 Nf6 5. Bg5 O-O 6. e3 h6 7. Bh4 Ne4 8. Bxe7 Qxe7 9. Rc1 Nxc3 10. Rxc3 c6 11. Bd3 dxc4 12. Bxc4 Nd7 13. O-O e5 14. dxe5 Nxe5 15. Nxe5 Qxe5 16. Qb3 {LiveBook: 15 Games. D56: Queen's Gambit Declined: Lasker Defence} (16. Qd4 Qxd4 17. exd4 Rd8 18. Rd1 Be6 19. Bxe6 fxe6 20. f3 Rd7 21. Kf2 Rad8 22. Ke3 Kf7 23. Rdd3 a6 {½-½ (35) Aronian,L (2815)-Sargissian,G (2686) Dubai 2014}) 16... b5 17. Be2 Be6 18. Qc2 {[#]} Bf5 $146 ({Predecessor:} 18... Bd5 19. f4 Qe7 20. Bf3 b4 21. Rd3 Bxf3 22. Rxf3 {½-½ (22) Zvjaginsev,V (2664)-Onischuk,A (2647) Poikovsky 2003}) 19. Bd3 Bxd3 20. Rxd3 Rad8 21. Rc3 Rd6 {The position is equal.} 22. Rxc6 Rxc6 23. Qxc6 Qxb2 24. Qa6 1/2-1/2

[Event "15th Deltalift Open 2018"]
[Site "Halmstad"]
[Date "2018.05.12"]
[Round "7"]
[White "Troberg Eskola, Love"]
[Black "Ivarsson, Torbjorn"]
[Result "0-1"]
[WhiteElo "1993"]
[BlackElo "2153"]
[Annotator "TA"]
[PlyCount "134"]
[EventDate "2018.??.??"]
[EventType "swiss"]
[EventCountry "SWE"]
[SourceTitle "playchess.com"]
[Source "ChessBase"]
[SourceQuality "1"]

{[%evp 11,133,-2,23,0,23,19,18,20,13,0,0,0,0,0,0,0,4,-5,-17,-13,17,0,9,9,9,-15,0,0,0,0,0,-1,0,0,0,0,14,14,14,0,0,-14,-20,-22,16,0,0,0,0,0,0,-18,0,0,0,-73,-1,-89,0,0,0,0,0,0,0,0,0,0,0,0,0,0,0,0,0,0,0,0,0,0,0,0,0,0,0,-193,-189,-577,-543,-679,-669,-620,-610,-791,-764,-1144,-1095,-29981,-29981,-29987,-29988,-29988,-29989,-29990,-29989,-29989,-29990,-29990,-29991,-29991,-29992,-29993,-29994,-29995,-29995,-29995,-29996,-29996,-29997,-29997,-29998,-29998,-29999,-29999]} 1. e4 e6 2. d4 d5 3. exd5 exd5 4. Nc3 c6 5. Bd3 Bd6 6. Nge2 Bg4 {LiveBook: 4 Games} 7. f3 {C01: French: Exchange Variation} Bh5 8. Bf4 (8. Nf4 Bg6 9. O-O Ne7 10. Nce2 Nd7 11. Nxg6 hxg6 12. Bf4 Qc7 13. Qd2 Nf8 14. Bxd6 Qxd6 {0-1 (63) Klein,D (2501)-Hambleton,A (2501) chess.com INT 2018}) 8... Ne7 9. Qd2 {The position is equal.} Bg6 10. O-O-O Bxd3 11. Qxd3 Qc7 $146 ({Predecessor:} 11... O-O 12. h4 Bxf4+ 13. Nxf4 Qd6 14. Nce2 {½-½ (34) Dubansky,B (2231)-Novak,R (2135) Czechia 2014}) 12. Qd2 Nd7 13. Bxd6 Qxd6 14. Qf4 Qxf4+ 15. Nxf4 O-O 16. g4 Rae8 17. h4 Ng6 18. Ng2 Ne7 19. h5 Nc8 20. Rde1 Nd6 21. a4 h6 22. Nf4 Nf6 23. Nd3 Kh7 24. Ne5 Re7 25. Nd1 {[#] aiming for Ng6.} Rfe8 26. b3 Nd7 {[%cal Rd7e5]} 27. Nd3 g6 28. Reg1 g5 29. Re1 f5 30. Rxe7+ Rxe7 31. N1f2 fxg4 32. Nxg4 Nf5 33. Nde5 (33. c3 $11) 33... Kg7 ({Black should play} 33... Nxe5 $17 34. dxe5 Kg7) 34. c3 (34. Nxd7 $11 {keeps the balance.} Rxd7 35. c3) 34... Nf6 (34... Nxe5 $17 35. dxe5 Kf7) 35. Rh3 Rc7 36. Kd2 Re7 37. a5 a6 38. b4 Nd6 39. Ne3 Nd7 40. Ng6 Re8 41. Kd3 Nf8 42. Ne5 Ne6 {[#] Strongly threatening ...Nf4+.} 43. Kd2 Nf4 44. Rh1 Rf8 45. Nd7 Re8 46. Ne5 Re6 47. Rh2 Kf8 48. Ng2 $2 (48. Kc2 $11 {and White is okay.}) 48... Nc4+ $19 49. Nxc4 $2 (49. Kd1 Rxe5 50. Nxf4) 49... Re2+ 50. Kc1 dxc4 51. Nxf4 Rxh2 {[%mdl 4096] Endgame KR-KN} 52. Ne6+ Ke7 53. Nc5 Rf2 54. Nxb7 Rxf3 {Black mates.} 55. Kb2 g4 56. d5 cxd5 57. b5 axb5 58. a6 g3 59. Nd8 Rf8 60. Nc6+ Kd6 61. a7 Kxc6 {KR-K3P} 62. Ka3 Kc5 63. Kb2 g2 64. a8=Q Rxa8 65. Kc2 Ra2+ 66. Kb1 Rf2 {[%cal Rg2g1]} 67. Ka1 g1=Q# {Precision: White = 46%, Black = 68%.} 0-1

[Event "15th Deltalift Open 2018"]
[Site "Halmstad"]
[Date "2018.05.12"]
[Round "7"]
[White "Linusson, Lasse"]
[Black "Nilsson, Patrik 1978"]
[Result "0-1"]
[WhiteElo "1962"]
[BlackElo "2195"]
[Annotator "TA"]
[PlyCount "100"]
[EventDate "2018.??.??"]
[EventType "swiss"]
[EventCountry "SWE"]
[SourceTitle "playchess.com"]
[Source "ChessBase"]
[SourceQuality "1"]

{[%evp 9,100,14,13,-30,48,0,10,8,34,0,71,-16,33,-10,0,0,-8,-32,-28,-31,-35,-64,-70,-66,-81,-71,-62,-70,-79,-75,-67,-121,-126,-130,-117,-136,-130,-133,-153,-209,-206,-197,-180,-225,-95,-212,-214,-498,-496,-966,-1363,-1352,-1344,-1279,-1262,-1234,-1197,-1344,-1289,-12830,-12831,-12828,-12827,-1204,-1992,-791,-1973,-1790,-1308,-12837,-12837,-12837,-12838,-12838,-12839,-12839,-12839,-12839,-12837,-12838,0,-12835,-12835,-12840,-12838,-12844,-12844,-12845,-12846,-29990,-29991,-29991,-29992]} 1. e4 e6 2. Nf3 d5 3. e5 Bd7 4. a3 {[%cal Ba2a3,Ba3a4][%mdl 32]} (4. c3 c5 5. Be2 Ne7 6. d4 Nf5 7. Bd3 c4 8. Bc2 Nc6 9. g4 Nh4 10. Nbd2 b5 11. h3 Nxf3+ 12. Nxf3 b4 {½-½ (27) Zvjaginsev,V (2659)-Volkov,S (2615) Taganrog 2011}) 4... a5 5. c3 c5 6. Bd3 $146 {C00: French: Unusual White 2nd moves} ({Predecessor:} 6. d4 Qb6 7. Be3 Qxb2 8. Nbd2 Qb6 9. c4 Bc6 10. Rb1 Qa7 11. g3 Ne7 12. dxc5 Nf5 13. Bd4 Nxd4 14. Nxd4 Bxc5 {0-1 (24) Khitrova,T-Chaplygin,A (1982) Uljanovsk 2008}) 6... Be7 (6... f6 $11) 7. Qe2 Qb6 8. a4 {The position is equal.} Na6 9. Bb5 c4 (9... Bxb5 $11 {keeps the balance.} 10. Qxb5+ Qc6) 10. Na3 (10. Bxd7+ $16 Kxd7 11. d4) 10... Nc5 {White must now prevent ...Nd3+.} 11. O-O Bxb5 12. Nxb5 {[#]} Nxa4 $1 {[%mdl 512]} 13. b3 (13. Rxa4 Qxb5) 13... Qxb5 14. bxa4 Qd7 $36 {[%mdl 2048] Black is more active.} 15. Ba3 Bxa3 16. Rxa3 b5 17. axb5 Qxb5 18. Nd4 Qc5 19. Rfa1 Ne7 20. d3 (20. Qe3 $15) 20... cxd3 $17 21. Qxd3 O-O 22. h4 Rfb8 23. h5 h6 24. Qg3 {[#]} (24. Kh2 $17 {is a better defense.}) 24... Rb1+ $1 $19 {[%mdl 512]} 25. Rxb1 Qxa3 26. Rb7 {[#]} Qc5 (26... a4 $1 $19 {has better winning chances.} 27. Qg4 Qxc3) 27. Qh3 (27. Qf3 $17) 27... a4 {Threatens to win with ...a3.} 28. g4 $2 (28. Qf3) 28... a3 29. g5 (29. Nb3 $142 Qc4 30. Qf3 Qxb3 31. Rxb3) 29... a2 30. Nb3 a1=Q+ 31. Nxa1 Rxa1+ 32. Kg2 Qc4 33. g6 fxg6 34. Qxe6+ Kh7 35. hxg6+ Nxg6 36. Rxg7+ Kxg7 37. Qf6+ Kg8 38. Qxg6+ Kf8 39. Qxh6+ Ke8 40. Qe6+ Kd8 41. Qb6+ Kc8 42. Qe6+ Kb7 43. Qd7+ Ka6 44. Qd6+ Kb7 45. Qd7+ $1 Kb6 46. Qd6+ {[#]} Qc6 $1 {[%cal Rc6d6]} 47. Qb4+ Ka6 {( -> ...d4+)} 48. Kg3 Ra4 49. Qe7 Qg6+ 50. Kh2 Qh5+ {Precision: White = 29%, Black = 61%.} 0-1

[Event "15th Deltalift Open 2018"]
[Site "Halmstad"]
[Date "2018.05.12"]
[Round "8"]
[White "Jepson, Christian"]
[Black "Kucuksari, Kaan"]
[Result "1/2-1/2"]
[WhiteElo "2415"]
[BlackElo "2264"]
[Annotator "TA"]
[PlyCount "51"]
[EventDate "2018.??.??"]
[EventType "swiss"]
[EventCountry "SWE"]
[SourceTitle "playchess.com"]
[Source "ChessBase"]
[SourceQuality "1"]

{[%evp 21,51,40,51,56,52,25,25,-35,-23,-2,37,31,68,72,132,114,166,100,116,93,85,54,54,54,54,49,54,51,49,29,29,46]} 1. d4 Nf6 2. c4 e6 3. Nc3 d5 4. Nf3 c6 5. Bg5 Be7 6. e3 Nbd7 7. Qc2 h6 8. Bh4 O-O 9. Rd1 a6 10. a3 b5 {D61: Queen's Gambit Declined: Classical: 7 Qc2} (10... b6 11. Be2 Bb7 12. O-O Qe8 13. Rfe1 dxc4 14. Bxc4 c5 15. d5 exd5 16. Nxd5 Bxd5 17. Bxd5 Nxd5 18. Rxd5 Bxh4 19. Nxh4 {0-1 (47) Salem,A (2638)-Kasimdzhanov,R (2683) Riadh 2017}) 11. c5 a5 {LiveBook: 3 Games} 12. b4 Nh7 $146 {White is slightly better.} ({Predecessor:} 12... Re8 13. Bd3 Nh5 14. Bxe7 Qxe7 15. O-O axb4 16. axb4 f5 17. Ne5 Nxe5 18. dxe5 {½-½ (63) Ravi,L (2457)-Ardeshi,M (2339) Kish 2003}) 13. Bxe7 Qxe7 14. e4 (14. Bd3 $11 Ng5 15. Nxg5 Qxg5 16. O-O) 14... Ng5 $15 15. Nxg5 hxg5 16. Bd3 f5 17. e5 ({Much weaker is} 17. exf5 axb4 18. axb4 exf5+ 19. Ne2 Qf6 $11) 17... a4 ({Better is} 17... Qf7) 18. f3 Kf7 {[#]} (18... g6 $16 {keeps fighting.}) 19. Kd2 (19. Bxb5 $1 $18 {[%mdl 512]} cxb5 20. Nxb5) 19... Rh8 20. Kc1 Nf8 21. g3 Bd7 22. Qg2 Ng6 23. Rdg1 Rh7 24. Ne2 Rah8 25. h3 Be8 26. Qf1 {Precision: White = 72%, Black = 51%.} 1/2-1/2

[Event "15th Deltalift Open 2018"]
[Site "Halmstad"]
[Date "2018.05.12"]
[Round "8"]
[White "Lindberg, Bengt"]
[Black "Westerberg, Jonathan"]
[Result "1/2-1/2"]
[WhiteElo "2404"]
[BlackElo "2523"]
[Annotator "TA"]
[PlyCount "92"]
[EventDate "2018.??.??"]
[EventType "swiss"]
[EventCountry "SWE"]
[SourceTitle "playchess.com"]
[Source "ChessBase"]
[SourceQuality "1"]

{[%evp 29,92,16,37,0,32,-43,11,18,23,25,8,-14,0,0,-4,-2,0,0,0,0,0,0,0,0,0,0,9,0,0,0,0,0,0,0,0,0,0,0,0,0,0,0,0,0,0,0,0,0,0,0,0,0,0,0,0,0,0,0,0,0,0,0,0,0,0]} 1. e4 c5 2. Nf3 e6 3. d4 cxd4 4. Nxd4 Nc6 5. Nc3 Nf6 6. Nxc6 bxc6 7. e5 Nd5 8. Ne4 Qc7 9. f4 Qb6 10. c4 Bb4+ 11. Ke2 f5 12. exf6 Nxf6 {B45: Sicilian Four Knights} 13. Be3 Qd8 14. Nd6+ Bxd6 15. Qxd6 c5 {LiveBook: 3 Games} (15... Qe7 16. Bc5 Qf7 17. Ke3 g5 18. Be2 g4 19. Rac1 h5 20. Rc3 Qg7 21. Bd3 Kf7 22. Kd2 Re8 23. Re1 Qh6 24. Kc2 a5 25. Re5 Nh7 26. Rf5+ Kg8 27. Qe5 {1-0 (27) Vidit,S (2718)-Krasenkow,M (2671) Wijk aan Zee 2018}) 16. Rg1 Bb7 {next ...Ne4 is good for Black.} (16... Ne4 $5 {[%cal Re4d6]} 17. Qe5 Bb7 $16) 17. g4 (17. Qxc5 $14 Bc6 18. g4) 17... Rc8 (17... Ne4 $15 18. Qe5 Qe7) 18. Rd1 $11 Qb6 19. Qxb6 $146 ({Predecessor:} 19. g5 Nd5 20. Qxb6 Nxb6 {1-0 (43) Martin Sanchez,C (2418)-Soltau,A (2524) ICCF email 2013}) 19... axb6 20. g5 {The position is equal.} Nh5 21. Bg2 Bxg2 22. Rxg2 Rf8 23. Kf3 Nxf4 24. Bxf4 {[#] Threatens to win with Ke4.} e5 $1 25. Rg4 {And now Re1 would win.} Rxf4+ 26. Rxf4 exf4 27. Kxf4 {[%mdl 4096] Endgame KR-KR} Ra8 28. Ra1 Ke7 29. a4 Rf8+ 30. Ke3 Rf5 31. h4 d5 32. cxd5 Re5+ 33. Kf3 Rxd5 34. a5 bxa5 $1 35. Rxa5 Rd3+ 36. Ke4 Rd4+ 37. Ke5 Rxh4 38. Rxc5 Rb4 39. Rc7+ Kf8 40. Ke6 {[%cal Rc7c8] [#]} Rb6+ 41. Kf5 Rb5+ 42. Ke6 {[%cal Rc7c8]} Rb6+ 43. Kf5 Rxb2 44. Rc8+ Kf7 45. Rc7+ Kf8 46. Rc8+ Kf7 {Precision: White = 59%, Black = 57%.} 1/2-1/2

[Event "15th Deltalift Open 2018"]
[Site "Halmstad"]
[Date "2018.05.12"]
[Round "8"]
[White "Lokander, Martin"]
[Black "Silseth, Simon"]
[Result "1-0"]
[WhiteElo "2386"]
[BlackElo "2239"]
[Annotator "ChessBase"]
[PlyCount "59"]
[EventDate "2018.??.??"]
[EventType "swiss"]
[EventCountry "SWE"]
[SourceTitle "playchess.com"]
[Source "ChessBase"]
[SourceQuality "1"]
[TimeControl "1800+12"]

1. d4 {[%emt 0:00:00]} d5 {[%emt 0:00:00]} 2. c4 {[%emt 0:00:00]} e6 {[%emt 0:00:00]} 3. Nf3 {[%emt 0:00:00]} Nf6 {[%emt 0:00:00]} 4. Nc3 {[%emt 0:00:00]} Be7 {[%emt 0:00:00]} 5. Bf4 {[%emt 0:00:00]} O-O {[%emt 0:00:00]} 6. e3 {[%emt 0:00:00]} c6 {[%emt 0:00:00]} 7. Qc2 {[%emt 0:00:00]} b6 {[%emt 0:00:00]} 8. cxd5 {[%emt 0:00:00]} exd5 {[%emt 0:00:00]} 9. Bd3 {[%emt 0:00:00]} Bb7 {[%emt 0:00:00]} 10. h4 {[%emt 0:00:00]} Nbd7 {[%emt 0:00:00]} 11. Ng5 {[%emt 0:00:00]} h6 {[%emt 0:00:00]} 12. g4 {[%emt 0:00:00]} Re8 {[%emt 0:00:00]} 13. Bh7+ {[%emt 0:00:00]} Kf8 {[%emt 0:00:00]} 14. Nxf7 {[%emt 0:00:00]} Kxf7 {[%emt 0:00:00]} 15. Qg6+ {[%emt 0:00:00]} Kf8 {[%emt 0:00:00]} 16. g5 {[%emt 0:00:00]} Nxh7 {[%emt 0:00:00]} 17. gxh6 {[%emt 0:00:00]} Bf6 {[%emt 0:00:00]} 18. Qxh7 {[%emt 0:00:00]} Kf7 {[%emt 0:00:00]} 19. Rg1 {[%emt 0:00:00]} Nf8 {[%emt 0:00:00]} 20. Rxg7+ {[%emt 0:00:00]} Ke6 {[%emt 0:00:00]} 21. Qg8+ {[%emt 0:00:00]} Kf5 {[%emt 0:00:00]} 22. Rg3 {[%emt 0:00:00]} Ng6 {[%emt 0:00:00]} 23. Qxg6+ {[%emt 0:00:00]} Ke6 {[%emt 0:00:00]} 24. Rg5 {[%emt 0:00:00]} Kd7 {[%emt 0:00:00]} 25. Qf5+ {[%emt 0:00:00]} Re6 {[%emt 0:00:00]} 26. Rg6 {[%emt 0:00:00]} Qe7 {[%emt 0:00:40]} 27. Rc1 {[%emt 0:00:00]} Rc8 {[%emt 0:01:45]} 28. h7 {[%emt 0:00:00]} Bxd4 {[%emt 0:03:21]} 29. Nxd5 {[%emt 0:00:00]} cxd5 {[%emt 0:00:05]} 30. Rxc8 {[%emt 0:00:00]} 1-0

[Event "15th Deltalift Open 2018"]
[Site "Halmstad"]
[Date "2018.05.12"]
[Round "8"]
[White "Bellon Lopez, Juan Manuel"]
[Black "Linusson, Pelle"]
[Result "1/2-1/2"]
[WhiteElo "2344"]
[BlackElo "2211"]
[Annotator "NA"]
[PlyCount "107"]
[EventDate "2018.??.??"]
[EventType "swiss"]
[EventCountry "SWE"]
[SourceTitle "playchess.com"]
[Source "ChessBase"]
[SourceQuality "1"]
[TimeControl "1800+12"]

{[%evp 8,101,20,2,32,5,32767,32767,12,-31,0,-106,-133,-150,-132,-135,-133,-136,-128,32767,-125,-136,-122,32767,32767,-126,32767,32767,32767,32767,32767,-145,32767,32767,32767,32767,32767,-193,-175,-186,-202,-204,32767,-222,32767,-242,-187,-198,-190,32767,32767,-200,-217,-222,32767,-202,-200,32767,32767,32767,-200,-220,-194,32767,32767,32767,32767,32767,-130,32767,-170,-167,32767,-285,32767,-168,32767,32767,32767,32767,32767,32767,-103,-109,-101,32767,-103,-102,-100,-101,0,-105,32767,-106,-106,-122]} 1. d4 {[%emt 0:00:00]} Nf6 {[%emt 0:00:00]} 2. Bg5 {[%emt 0:00:00]} c5 {[%emt 0:00:00]} 3. Bxf6 {[%emt 0:00:00]} gxf6 {[%emt 0:00:00]} 4. d5 {[%emt 0:00:00]} Qb6 {[%emt 0:00:00]} 5. Qc1 {[%emt 0:00:00]} Bg7 {[%emt 0:00:00]} 6. e3 {[%emt 0:00:00]} f5 {[%emt 0:00:00]} 7. c3 {[%emt 0:00:00]} Na6 {[%emt 0:00:00] LiveBook: 7 Games A45: Trompowsky Attack} (7... d6 8. Qd2 Nd7 9. Nh3 Nf6 10. Nf4 e5 11. dxe6 fxe6 12. Be2 Bd7 13. O-O O-O-O 14. a4 a6 15. a5 Qc7 {1-0 (35) Milov,V (2622)-Salgado Lopez,I (2622) Dubai 2014}) 8. Na3 {[%emt 0:00:00]} Nc7 {[%emt 0:00:00]} 9. Qd2 {[%emt 0:00:00] [#]} (9. Bc4 $11 {keeps the balance.}) 9... Nxd5 $1 {[%emt 0:00:00]} 10. Nc4 {[%emt 0:00:00]} Qc6 {[%emt 0:00:00]} 11. Na5 {[%emt 0:00:00]} Qc7 {[%emt 0:00:00]} 12. Qxd5 {[%emt 0:00:00]} Qxa5 {[%emt 0:00:00]} 13. Ne2 {[%emt 0:00:00]} e6 {[%emt 0:00:00]} 14. Qd6 $146 {[%emt 0:00:00]} ({Predecessor:} 14. Qf3 d5 15. g4 fxg4 16. Qxg4 {0-1 (34) Israel,G (2120)-Primel,D (2030) Cappelle-la-Grande 1999}) 14... Qb6 {[%emt 0:00:00]} 15. Qxb6 {[%emt 0:00:00]} axb6 {[%emt 0:00:00]} 16. Nf4 {[%emt 0:00:00]} d5 {[%emt 0:00:00]} 17. Bb5+ {[%emt 0:00:00]} Bd7 {[%emt 0:00:00]} 18. Bxd7+ {[%emt 0:00:00]} Kxd7 {[%emt 0:00:00]} 19. Nh5 {[%emt 0:00:00]} Be5 {[%emt 0:00:00]} 20. f4 {[%emt 0:00:00]} Bd6 {[%emt 0:00:00]} 21. a3 {[%emt 0:00:00]} Ke7 {[%emt 0:00:00]} 22. O-O-O {[%emt 0:00:00]} (22. Kf2 $17 {is a better defense.}) 22... b5 {[%emt 0:00:00]} 23. Ng3 {[%emt 0:00:00]} Rhg8 {[%emt 0:00:00]} 24. Rhg1 {[%emt 0:00:00]} b4 {[%emt 0:00:00]} 25. axb4 {[%emt 0:00:00]} cxb4 {[%emt 0:00:00]} 26. cxb4 {[%emt 0:00:00]} Bxb4 {[%emt 0:00:00]} 27. Kb1 {[%emt 0:00:00]} Bc5 {[%emt 0:00:00]} 28. Rd3 {[%emt 0:00:00]} Ra4 {[%emt 0:00:13]} 29. Rc1 {[%emt 0:00:00]} b6 {[%emt 0:01:59]} 30. Rc2 {[%emt 0:00:00]} h5 {[%emt 0:06:09]} 31. Re2 {[%emt 0:03:51]} Rga8 {[%emt 0:03:08]} 32. Nxh5 {[%emt 0:05:50]} Ra1+ {[%emt 0:01:56]} 33. Kc2 {[%emt 0:00:00]} Rh8 {[%emt 0:00:09]} 34. Ng3 {[%emt 0:00:00]} Rxh2 {[%emt 0:00:00]} 35. Rd1 {[%emt 0:00:00]} Rxd1 {[%emt 0:09:02]} 36. Kxd1 {[%emt 0:00:00]} Kf6 {[%emt 0:00:29]} 37. Kc2 {[%emt 0:02:55]} d4 {[%emt 0:04:08]} 38. exd4 {[%emt 0:01:15]} Bxd4 {[%emt 0:00:35]} 39. Kd3 {[%emt 0:00:27]} Bc5 {[%emt 0:00:26]} 40. Nf1 {[%emt 0:03:58]} (40. Rc2 $142) 40... Rh1 {[%emt 0:01:51]} 41. Nd2 {[%emt 0:02:58]} b5 {[%emt 0:06:10]} 42. Nf3 {[%emt 0:04:45]} Rf1 {[%emt 0:01:26]} 43. Rc2 {[%emt 0:04:19]} Bd6 {[%emt 0:00:00]} 44. Ke2 {[%emt 0:00:00]} Rb1 {[%emt 0:00:00]} 45. g3 {[%emt 0:00:00]} b4 {[%emt 0:00:00]} 46. Nd2 {[%emt 0:00:00]} Rg1 {[%emt 0:00:00]} 47. Kf2 {[%emt 0:00:00]} Rd1 {[%emt 0:00:00]} 48. Ke2 $1 {[%emt 0:00:00]} Rg1 {[%emt 0:00:00]} 49. Kf2 {[%emt 0:00:00]} Rd1 {[%emt 0:00:00]} 50. Ke2 {[%emt 0:00:00]} Rh1 51. Rc6 $17 Ke7 52. Kd3 Kf6 53. Ke2 Be7 54. Ke3 1/2-1/2